[Event "FRA-chT3"]
[Site "France"]
[Date "2012.01.15"]
[Round "4"]
[White "Waczecka, Jerome"]
[Black "Frezier, Sebastien"]
[Result "1-0"]
[WhiteElo "1732"]
[BlackElo "1670"]
[PlyCount "89"]
[EventDate "2012.01.20"]
[EventType "team-match"]
[EventRounds "9"]
[EventCountry "FRA"]
[SourceTitle "EXT 2014"]
[Source "ChessBase"]
[SourceDate "2013.11.20"]
[SourceVersion "1"]
[SourceVersionDate "2013.11.20"]
[SourceQuality "1"]

1. d4 Nf6 2. Nf3 d5 3. Bg5 Ne4 4. Bf4 Bg4 5. e3 e6 6. Be2 Bd6 7. Bxd6 Qxd6 8. 0-0 0-0 9. c4 dxc4 10. Bxc4 Ng5 11. Nbd2 Nxf3+ 12. Nxf3 Nd7 13. Bd3 e5 14. Bxh7+ Kh8 15. Be4 c6 16. dxe5 Qxd1 17. Rfxd1 Bxf3 18. Bxf3 Nxe5 19. Be2 Rad8 20. f4 Nd7 21. Rd2 Nb6 22. Rad1 Rxd2 23. Rxd2 Re8 24. Kf2 Nd5 25. Rd3 g6 26. Bf3 Nf6 27. g4 Re7 28. g5 Rd7 29. Rxd7 Nxd7 30. h4 Kg7 31. h5 gxh5 32. Bxh5 f5 33. gxf6+ Kxf6 34. e4 Nc5 35. Ke3 Ne6 36. Bg4 Nd8 37. e5+ Ke7 38. f5 b6 39. f6+ Kf7 40. Bd7 b5 41. Ke4 b4 42. Kf5 c5 43. e6+ Nxe6 44. Bxe6+ Kf8 45. f7 1-0